北越急行トンネル名 - Statistics

General Stats
  • This quiz has been taken 5 times
  • The average score is 3 of 14
Answer Stats
Answer % Correct
鍋立山
80%
十日町
60%
松代
60%
赤倉
40%
薬師峠
20%
深沢
20%
中島
20%
犬伏
0%
第一田沢
0%
第二田沢
0%
霧ヶ岳
0%
有島
0%
第一飯室
0%
第二飯室
0%
No matching quizzes found
Score Distribution
Percent of People with Each Score
Percentile by Number Answered
Your Score History
You have not taken this quiz